| 000 | 00916nac a22002051u 4500 | ||
|---|---|---|---|
| 010 | _a98022454 | ||
| 020 | _a0132628171 | ||
| 082 | 0 | 0 |
_a620.112 _bM6136 |
| 090 |
_c854 _d854 |
||
| 100 | _aMeyers, Marc A. | ||
| 245 | 1 | 0 |
_aMechanical behavior of materials / _cMarc AndreĆ? Meyers, Krishan Kumar Chawla. |
| 260 |
_aUpper Saddle River, N.J. : _bPrentice Hall,1999 _cc1999. |
||
| 300 |
_axv, 680 p.: _bill. ; _c27 cm. |
||
| 504 | _aIncludes bibliographical references and index. | ||
| 650 | 0 | _aStrength of materials. | |
| 700 | 1 |
_aChawla, Krishan Kumar, _d1942- |
|
| 942 |
_cBB _k620.112M6136 |
||
| 999 |
_c854 _d854 |
||